Tuyển chọn truyện cổ các dân tộc Bắc á

Na minha lista:
Detalhes bibliográficos
Autor principal: Tuyển chọn truyện cổ các dân tộc Bắc á
Formato: Livro
Idioma:Undetermined
Publicado em: Hà Nội VHTT 1997
Assuntos:
Tags: Adicionar Tag
Sem tags, seja o primeiro a adicionar uma tag!
Thư viện lưu trữ: Trung tâm Học liệu Trường Đại học Cần Thơ
LEADER 00644nam a2200169Ia 4500
001 CTU_24989
008 210402s9999 xx 000 0 und d
082 |a 398.20495 
082 |b T527 
100 |a Tuyển chọn truyện cổ các dân tộc Bắc á 
245 0 |a Tuyển chọn truyện cổ các dân tộc Bắc á 
245 0 |c Tuyển chọn truyện cổ các dân tộc Bắc á; Dịch giả: Phạm Minh Thảo 
260 |a Hà Nội 
260 |b VHTT 
260 |c 1997 
650 |a folk literature, north asian - collections 
980 |a Trung tâm Học liệu Trường Đại học Cần Thơ